| 000 | 00884nam a2200229 a 4500 | ||
|---|---|---|---|
| 003 | 0 | ||
| 005 | 20250318162315.0 | ||
| 008 | 071127s19uu xx 00 eng d | ||
| 050 |
_aPGS U 263.A94.G46 _b.C117 2007 |
||
| 100 | _aCabral, Joel Anthony. | ||
| 245 |
_aAwareness level on the effects of nuclear warfare / _cJoel Anthony Cabral. |
||
| 260 |
_aLas PiƱas City, Philippines : _bSouthville International School and Colleges, _c2007. |
||
| 300 |
_a29 pages : _billustrations ; _c28 cm. |
||
| 504 | _aIncludes bibliographical references. | ||
| 650 |
_aNuclear warfare _vStudy and teaching (Elementary). |
||
| 650 |
_aNuclear warfare _vPublic opinion _vJuvenile. |
||
| 650 |
_aNuclear warfare _vPsychological aspects. |
||
| 650 | _aGender differences in perception. | ||
| 650 |
_aChildren _vAttitudes _vNuclear warfare. |
||
| 650 |
_aWar and society _vYouth. |
||
| 942 |
_2lcc _cPASS |
||
| 999 |
_c97691 _d97691 |
||